000 00858nam a2200277 i 4500
001 bgj
100 1 _aFELDGES, Brigitte.
245 1 0 _aE.T.A. Hoffmann :
_bEpoche - Werk - Wirkung /
_cvon Brigitte Felges und Ulrich Stadler ; mit je einem Beitrag von Ernst Lichtenhahn und Wolfgang Nehring.
260 _aMünchen :
_bC. H. Beck,
_c1986.
300 _a315 s. ;
_c23 cm.
490 1 _aArbeitsbücher zur Literaturgeschichte
504 _aBibliogr. s. 299-305.
650 9 _aLiteratura niemiecka
700 1 _aSTADLER, Ulrich.
700 1 _aLICHTENHAHN, Ernst.
700 1 _aNEHRING, Wolfgang.
830 _aArbeitsbücher zur Literaturgeschichte
020 _a3406312411
040 _cBPK
041 0 _ager
044 _aDEU
080 _a821.112.2
920 _a3-406-31241-1
942 _cKS
008 s gw f |000 0 ger
999 _c50454
_d50454
856 _uhttp://koha.tu.koszalin.pl/cgi-bin/koha/opac-detail.pl?biblionumber=50454
_yKatalog online BPK